000 00572nam a2200217Ia 4500
005 20250923150051.0
008 008 250917s9999 xx 000 0 eng d
037 _aTextual
040 _aDSWL
_beng
_cDSWL
041 _aeng
_2eng
084 _qDSWL
100 _aMeier, G. M.
_9841840
245 0 _aLeading issues in economic development
_c by G. M. Meier
260 _aNew york
_b Oxford University Press
_c2000
300 _a578p.
365 _aINR
_b330
700 _a J I Rauch
_9841841
925 _g330
942 _cTEXL
999 _c1459173
_d1459173